| 000 | 00000nam##2200000za#4500 |
| 001 | 9.560867 |
| 003 | CaOODSP |
| 005 | 20210624173555 |
| 007 | cr ||||||||||| |
| 008 | 150406|2005||||xxc|||||o f|0| 0 eng|d |
| 040 | |aCaOODSP|beng |
| 043 | |an-cn--- |
| 086 | 1 |aSW21-78/10-2005E-PDF |
| 110 | 1 |aCanada. |bStatus of Women Canada. |
| 245 | 10|aWomen and the media |h[electronic resource] |
| 260 | |aOttawa - Ontario : |bStatus of Women Canada |c2005. |
| 300 | |a2p. |
| 490 | 1 |aBeijing +10: fact sheets |
| 590 | |a06-10-Supp|b2006-12-15 |
| 690 | 07|aAccess to information|2gcpds |
| 690 | 07|aEqual opportunities|2gcpds |
| 690 | 07|aGender discrimination|2gcpds |
| 690 | 07|aMedia|2gcpds |
| 690 | 07|aWomen|2gcpds |
| 775 | 08|tLes femmes et les médias |w(CaOODSP)9.593513 |
| 830 | #0|aBeijing +10: fact sheets.|w(CaOODSP)9.505078 |
| 856 | 40|ahttp://publications.gc.ca|qPDF|s49 KB|uhttps://publications.gc.ca/collections/Collection/SW21-78-10-2005E.pdf |